<?xml version="1.0" encoding="UTF-8"?>
<record
    xmlns:xsi="http://www.w3.org/2001/XMLSchema-instance"
    xsi:schemaLocation="http://www.loc.gov/MARC21/slim http://www.loc.gov/standards/marcxml/schema/MARC21slim.xsd"
    xmlns="http://www.loc.gov/MARC21/slim">

  <leader>01887nam a22003137a 4500</leader>
  <datafield tag="999" ind1=" " ind2=" ">
    <subfield code="c">22083</subfield>
    <subfield code="d">22083</subfield>
  </datafield>
  <controlfield tag="003">AR-CdUCM</controlfield>
  <controlfield tag="008">190425b           ||||| |||| 00| 0 spa d</controlfield>
  <datafield tag="040" ind1=" " ind2=" ">
    <subfield code="a">MUNICIPALIDAD PROVINCIAL DEL CUSCO</subfield>
    <subfield code="c">BIBLIOTECA MUNICIPAL DEL CUSCO</subfield>
  </datafield>
  <datafield tag="082" ind1=" " ind2=" ">
    <subfield code="a">Parlante/N&#xB0;70/2000</subfield>
  </datafield>
  <datafield tag="110" ind1=" " ind2=" ">
    <subfield code="a">Centro Guam&#xE1;n Poma de Ayala </subfield>
    <subfield code="9">20511</subfield>
  </datafield>
  <datafield tag="245" ind1=" " ind2=" ">
    <subfield code="a">Parlante :</subfield>
    <subfield code="b">Revista del Cusco /</subfield>
  </datafield>
  <datafield tag="260" ind1=" " ind2=" ">
    <subfield code="a">Cusco :</subfield>
    <subfield code="b">Centro de Educaci&#xF3;n y Comunicaci&#xF3;n Guam&#xE1;n Poma de Ayala,</subfield>
    <subfield code="c">2000.</subfield>
  </datafield>
  <datafield tag="300" ind1=" " ind2=" ">
    <subfield code="a">31 p&#xE1;ginas. :</subfield>
    <subfield code="b">ilustraciones ;</subfield>
    <subfield code="c">30 cm.</subfield>
  </datafield>
  <datafield tag="440" ind1=" " ind2=" ">
    <subfield code="a">Parlante revista del Cusco.</subfield>
    <subfield code="n">A&#xF1;o 16, N&#xB0;70, febrero 2000.</subfield>
    <subfield code="9">47388</subfield>
  </datafield>
  <datafield tag="505" ind1=" " ind2=" ">
    <subfield code="a">Contenido: Recuento del siglo XX. -- Hechos del siglo XX en Cusco. -- Inicios del siglo. Luis Miguel Gleve. -- Inti raymi o fiesta del Sol. Luis Barreda Murillo. -- Cusco el terremoto de 1950. Roberto Samanez Argumedo. -- Tierra o muerte. Juan Mendoza. -- La ciudad de Cusco en el siglo que pas&#xF3;. Mario R. Castillo Centeno. -- El arte cusque&#xF1;o del siglo XX. Manuel Gibaja. -- La literatura cusque&#xF1;a en el siglo XX. Luis Nieto Degregori. -- Patrimonio e identidad en el siglo XX. Jorge Flores Ochoa. -- El Cusco y el centralismo. Jorge Polo y la Borda. -- Leguas y minor&#xED;as. Luis Z&#xFA;&#xF1;iga. -- Globalidad y diversidad cultural. Juan Biondi Shaw. -- De cara al futuro desarrollo urbano y patrimonio hist&#xF3;rico. Enrique Estrada. -- Diploma en gesti&#xF3;n municipal y participaci&#xF3;n ciudadana.</subfield>
  </datafield>
  <datafield tag="650" ind1=" " ind2=" ">
    <subfield code="a">Urbanismo</subfield>
    <subfield code="9">4748</subfield>
  </datafield>
  <datafield tag="650" ind1=" " ind2=" ">
    <subfield code="a">Planificaci&#xF3;n urbana</subfield>
    <subfield code="9">45230</subfield>
  </datafield>
  <datafield tag="650" ind1=" " ind2=" ">
    <subfield code="a">Pol&#xED;tica cusque&#xF1;a</subfield>
    <subfield code="9">47381</subfield>
  </datafield>
  <datafield tag="650" ind1=" " ind2=" ">
    <subfield code="a">Gobiernos locales</subfield>
    <subfield code="9">8462</subfield>
  </datafield>
  <datafield tag="650" ind1=" " ind2=" ">
    <subfield code="a">Literatura cusque&#xF1;a</subfield>
    <subfield code="9">47389</subfield>
  </datafield>
  <datafield tag="650" ind1=" " ind2=" ">
    <subfield code="a">Arte cusque&#xF1;o</subfield>
    <subfield code="9">13165</subfield>
  </datafield>
  <datafield tag="650" ind1=" " ind2=" ">
    <subfield code="a">Siglo XX</subfield>
    <subfield code="9">47390</subfield>
  </datafield>
  <datafield tag="700" ind1=" " ind2=" ">
    <subfield code="a">Nieto Degregori, Luis</subfield>
    <subfield code="9">6534</subfield>
  </datafield>
  <datafield tag="700" ind1=" " ind2=" ">
    <subfield code="a">Flores Ochoa, Jorge</subfield>
    <subfield code="9">2915</subfield>
  </datafield>
  <datafield tag="700" ind1=" " ind2=" ">
    <subfield code="a">Polo y la Borda, Jorge</subfield>
    <subfield code="9">47379</subfield>
  </datafield>
  <datafield tag="710" ind1=" " ind2=" ">
    <subfield code="a">Centro Guam&#xE1;n Poma de Ayala</subfield>
    <subfield code="9">20511</subfield>
  </datafield>
  <datafield tag="942" ind1=" " ind2=" ">
    <subfield code="2">ddc</subfield>
    <subfield code="c">PP</subfield>
  </datafield>
  <datafield tag="945" ind1=" " ind2=" ">
    <subfield code="a">rac</subfield>
  </datafield>
  <datafield tag="952" ind1=" " ind2=" ">
    <subfield code="0">0</subfield>
    <subfield code="2">ddc</subfield>
    <subfield code="4">0</subfield>
    <subfield code="7">0</subfield>
    <subfield code="a">HEM</subfield>
    <subfield code="b">HEM</subfield>
    <subfield code="c">CART</subfield>
    <subfield code="d">2022-03-02</subfield>
    <subfield code="g">5.00</subfield>
    <subfield code="o">Parlante/N&#xB0;70/2000</subfield>
    <subfield code="p">REVC000744</subfield>
    <subfield code="r">2022-03-02</subfield>
    <subfield code="y">PP</subfield>
  </datafield>
</record>
